Kraje po podpowiedziach - Statystyki

Ogólne statystyki
  • Ten quiz został rozwiązany 60 razy
  • Średni wynik to 8 z 10
Statystyki odpowiedzi
podpowiedź odpowiedź % Poprawnych
Mbappe Francja
100%
góry Tatry Polska
100%
Lizbona Portugalia
100%
najmniejsze państwo świata Watykan
98%
Nejmar Jr. Brazylia
96%
miasto Palermo Włochy
92%
Gujana+Francja Gujana Francuska
84%
Rabat stolica Maroko
80%
Poul Woker USA
62%
Salah Hiszpania
20%
Nie znaleziono quizów pasujących do podanych kryteriów
Rozkład punktacji
Procent ludzi z każdym wynikiem
Percentyl według liczby udzielonych odpowiedzi
Twoja historia wyników
Nie rozwiązałeś tego quizu